UITU Library & LRC     

Introduction to Telecommunication: voice, data and the internet (Record no. 9878)

MARC details
000 -LEADER
fixed length control field 00579nam a2200217Ia 4500
003 - CONTROL NUMBER IDENTIFIER
control field OSt
005 - DATE AND TIME OF LATEST TRANSACTION
control field 20241007053123.0
008 - FIXED-LENGTH DATA ELEMENTS--GENERAL INFORMATION
fixed length control field 240925s9999 xx 000 0 und d
020 ## - INTERNATIONAL STANDARD BOOK NUMBER
International Standard Book Number 8131705064
040 ## - CATALOGING SOURCE
Transcribing agency sd
082 ## - DEWEY DECIMAL CLASSIFICATION NUMBER
Classification number 621.382 COL
100 ## - MAIN ENTRY--PERSONAL NAME
Personal name Cole, Marion
245 #0 - TITLE STATEMENT
Title Introduction to Telecommunication: voice, data and the internet
250 ## - EDITION STATEMENT
Edition statement 2nd
260 ## - PUBLICATION, DISTRIBUTION, ETC.
Place of publication, distribution, etc. New Delhi:
Name of publisher, distributor, etc. Pearson Education
Date of publication, distribution, etc. ,2008.
300 ## - PHYSICAL DESCRIPTION
Extent xiii,737p.
Other physical details NA
Type of unit Photocopy
500 ## - GENERAL NOTE
General note Includes Index
600 ## - SUBJECT ADDED ENTRY--PERSONAL NAME
Personal name Telecommunication Engineering
650 ## - SUBJECT ADDED ENTRY--TOPICAL TERM
Topical term or geographic name entry element Technology
942 ## - ADDED ENTRY ELEMENTS (KOHA)
Koha item type Books
Source of classification or shelving scheme Dewey Decimal Classification
Holdings
Withdrawn status Lost status Damaged status Not for loan Collection Home library Current library Date acquired Source of acquisition Cost, normal purchase price Total checkouts Full call number Barcode Date last seen Price effective from Koha item type
        Electrical Engineering UITU Library UITU Library 03/03/2008 Standard Books 614.00   621.382 COL Q7379 09/25/2024 09/25/2024 Books

Powered by Koha